000 01490cam a22003857a 4500
003 CHAP
005 20220329133017.0
008 971013s1990 r 00010 d
010 _a1257
011 _a2229
035 _a1420
040 _cCHAP
090 _aTesis
100 0 0 _aRodríguez García, José Luis.
_998517
245 0 _aAnálisis de las caracterísiticas edafoclimáticas del ejido Tecamallucan, municipio de Acultzingo, Ver. su relación con el cultivo de chile poblano (Capsicum annuum L.) y alternativas en su manejo
260 _aCuautitlán Izcali, Méx. :
_bEl autor,
_c1990
300 _a196 h.
_e+ mapas
502 _aTesis (Ing. Agrícola) -- UNAM. Facultad de Estudios Superiores Cuatitlán
590 _aALEPH
_b10
_c20130110
_lUCH01
_h1207
590 _aBATCH-UPD
_b10
_c20130110
_lUCH01
_h0053
590 _aBATCH-UPD
_b10
_c20130110
_lUCH01
_h1746
590 _aBATCH-UPD
_b10
_c20130409
_lUCH01
_h2041
590 _aBATCH-UPD
_b10
_c20130410
_lUCH01
_h1124
590 _aBATCH-UPD
_b10
_c20130914
_lUCH01
_h0925
590 _aCONVERSION
_b10
_c20130109
_lUCH01
_h1302
650 1 4 _aChile poblano
_xEfecto del medio ambiente.
_922496
650 1 4 _aCultivos y clima.
_930392
650 1 4 _aSuelos
_zVeracruz.
_9110530
700 0 _aDorantes Garduño, Gerardo.
_933998
700 0 _aGarcía Torreblanca, María Isabel.
_946676
901 _aBK
942 _cFOLL
949 _bBC
_cTES
_d-10891
_eTS1
_h23167
_i1420
_si
949 _bBC
_cTES
_d-71683
_eTS2
_fc.2
_h23168
_i1420
_si
999 _c1257
_d1257